Statystyki dla Miasta z metrem

Kliknij tutaj aby rozwiązać quiz!

Ogólne statystyki

  • Ten quiz został rozwiązany 21 razy
  • Średni wynik to 39 z 194

Statystyki odpowiedzi

PaństwoMiasto% Poprawnych
AustraliaSydney
90%
AustriaWiedeń
90%
NiemcyBerlin
80%
BelgiaBruksela
80%
ArgentynaBuenos Aires
80%
BiałoruśMińsk
80%
KanadaMontreal
80%
FrancjaParyż
80%
ChinyPekin
80%
CzechyPraga
80%
BrazyliaRio de Janeiro
80%
BrazyliaSao Paulo
80%
KanadaToronto
80%
AlgieriaAlgier
70%
AzerbejdżanBaku
70%
BrazyliaBrasilia
70%
ArmeniaErywań
70%
NiemcyHamburg
70%
WłochyRzym
70%
ChileSantiago
70%
BułgariaSofia
70%
ChinySzanghaj
70%
WęgryBudapeszt
60%
BangladeszDhaka
60%
FinlandiaHelsinki
60%
DaniaKopenhaga
60%
FrancjaLyon
60%
FrancjaMarsylia
60%
WłochyMediolan
60%
NiemcyMonachium
60%
JaponiaTokio
60%
PolskaWarszawa
60%
GrecjaAteny
50%
ChinyHong Kong
50%
EgiptKair
50%
JaponiaOsaka
50%
WłochyTuryn
50%
KanadaVancouver
50%
IndonezjaDżakarta
40%
Wielka BrytaniaLondyn
40%
RosjaMoskwa
40%
WłochyNeapol
40%
EkwadorQuito
40%
GruzjaTbilisi
40%
ChinyWuhan
40%
HolandiaAmsterdam
30%
TurcjaAnkara
30%
IndieBombaj
30%
UkrainaKijów
30%
FrancjaLille
30%
HiszpaniaMadryt
30%
NiemcyNorymberga
30%
IndieNowe Delhi
30%
Stany ZjednoczoneNowy Jork
30%
DominikanaSanto Domingo
30%
Korea PołudniowaSeul
30%
IranTeheran
30%
RumuniaBukareszt
20%
WenezuelaCaracas
20%
UkrainaCharków
20%
WłochyGenua
20%
TurcjaIstambuł
20%
WłochyKatania
20%
IndieKolkata
20%
PeruLima
20%
Stany ZjednoczoneLos Angeles
20%
MeksykMeksyk
20%
Stany ZjednoczoneMiami
20%
NorwegiaOslo
20%
FrancjaRennes
20%
BrazyliaSalvador
20%
Stany ZjednoczoneSan Francisco
20%
RosjaSankt Petersburg
20%
SzwecjaSztokholm
20%
UzbekistanTaszkient
20%
FrancjaTuluza
20%
Stany ZjednoczoneWaszyngton
20%
Stany ZjednoczoneAtlanta
10%
HiszpaniaBarcelona
10%
BrazyliaBelo Horizonte
10%
Stany ZjednoczoneBoston
10%
WłochyBrescia
10%
Korea PołudniowaBusan
10%
ChinyChengdu
10%
Stany ZjednoczoneChicago
10%
ChinyChongqing
10%
UkrainaDniepr
10%
Stany ZjednoczoneFiladelfia
10%
BrazyliaFortaleza
10%
JaponiaHiroszima
10%
JaponiaJokohama
10%
RosjaKazań
10%
MalezjaKuala Lumpur
10%
FilipinyManila
10%
RosjaNowosybirsk
10%
PanamaPanama City
10%
BrazyliaPorto Alegre
10%
Korea PółnocnaPyongyang
10%
BrazyliaRecife
10%
HolandiaRotterdam
10%
RosjaSamara
10%
ChinyShenzhen
10%
SingapurSingapur
10%
ChinyXiamen
10%
ChinyXian
10%
ChinyZhengzhou
10%
TurcjaAdana
0%
IndieAhmadabad
0%
KazachstanAłmaty
0%
Stany ZjednoczoneBaltimore
0%
IndieBangalore
0%
TajlandiaBangkok
0%
HiszpaniaBilbao
0%
TurcjaBursa
0%
IndieCennaj
0%
ChinyChangchun
0%
ChinyChangsha
0%
ChinyChangzhou
0%
Stany ZjednoczoneCleveland
0%
Korea PołudniowaDaegu
0%
Korea PołudniowaDaejeon
0%
ChinyDalian
0%
KatarDoha
0%
ChinyDongguan
0%
IndieDżajpur
0%
ChinyFoshan
0%
JaponiaFukuoka
0%
ChinyFuzhou
0%
Wielka BrytaniaGlasgow
0%
MeksykGuadalajara
0%
ChinyGuangzhou
0%
ChinyGuiyang
0%
IndieGurgaon
0%
Korea PołudniowaGwangju
0%
IndieHajdarabad
0%
ChinyHangzhou
0%
WietnamHanoi
0%
ChinyHarbin
0%
ChinyHefei
0%
ChinyHohhot
0%
Stany ZjednoczoneHonolulu
0%
Korea PołudniowaIncheon
0%
IranIsfahan
0%
TurcjaIzmir
0%
RosjaJekaterynburg
0%
ChinyJinan
0%
ChinyJinhua
0%
IndieKanpur
0%
TajwanKaohsiung
0%
IranKaraj
0%
JaponiaKobe
0%
IndieKoczin
0%
ChinyKunming
0%
JaponiaKyoto
0%
NigeriaLagos
0%
PakistanLahore
0%
ChinyLanzhou
0%
PortugaliaLizbona
0%
SzwajcariaLozanna
0%
IndieLucknow
0%
ChinyLuoyang
0%
IranMashhad
0%
KolumbiaMedellin
0%
MeksykMonterrey
0%
JaponiaNagoya
0%
IndieNagpur
0%
ChinyNanchang
0%
ChinyNanjing
0%
ChinyNanning
0%
ChinyNantong
0%
ChinyNingbo
0%
RosjaNiżny Nowogród
0%
IndieNoida
0%
IndiePune
0%
ChinyQingdao
0%
JaponiaSandai
0%
Stany ZjednoczoneSan Juan
0%
ChinyShaoxing
0%
ChinyShenyang
0%
ChinyShijiazhuang
0%
JaponiaSopporo
0%
ChinySuzhou
0%
IranSziraz
0%
IranTabriz
0%
TajwanTaichung
0%
ChinyTaiyuan
0%
ChinyTaizhou
0%
TajwanTajpej
0%
TajwanTaoyuan
0%
ChinyTianjin
0%
ChinyUrumczi
0%
ChinyWenzhou
0%
ChinyWuxi
0%
ChinyXuzhou
0%

Rozkład punktacji

Percentyl według liczby udzielonych odpowiedzi

Procent ludzi z każdym wynikiem

Twoja historia wyników

Nie rozwiązałeś tego quizu